Central Library OPAC University of Rajshahi

The foreign policy of North Korea / (Record no. 42072)

MARC details
000 -LEADER
fixed length control field 00810nam a2200241 a 4500
001 - CONTROL NUMBER
control field 42072
003 - CONTROL NUMBER IDENTIFIER
rucl marc code BD-RjUL
005 - DATE AND TIME OF LATEST TRANSACTION
control field 20211209053505.0
008 - FIXED-LENGTH DATA ELEMENTS--GENERAL INFORMATION
fixed length control field 160609s1969 nyu b 000 0 eng d
035 ## - SYSTEM CONTROL NUMBER
System control number (BD-RjUL)42190
040 ## - CATALOGING SOURCE
Original cataloging agency DLC
Transcribing agency DLC
Modifying agency UKM
-- EQO
-- BD-RjUL
Language of cataloging eng
041 ## - LANGUAGE CODE
Language code of text/sound track or separate title eng
082 ## - DEWEY DECIMAL CLASSIFICATION NUMBER
Classification number 327.5193
Edition number 23
Author mark and year KOF 1969
100 1# - MAIN ENTRY--PERSONAL NAME
Personal name Koh, Byung Chul
9 (RLIN) 129365
245 14 - TITLE STATEMENT
Title The foreign policy of North Korea /
Statement of responsibility, etc. Byung Chul koh
260 ## - PUBLICATION, DISTRIBUTION, ETC. (IMPRINT)
Place of publication, distribution, etc. New York :
Name of publisher, distributor, etc. F. A. Praeger,
Date of publication, distribution, etc. [1969]
300 ## - PHYSICAL DESCRIPTION
Pagination xxi, 237 p. ;
Size 24 cm
490 1# - SERIES STATEMENT
Series statement Praeger special studies in international politics and public affairs
504 ## - BIBLIOGRAPHY, ETC. NOTE
Bibliography, etc Bibliography: p. 225-237
651 #0 - SUBJECT ADDED ENTRY--GEOGRAPHIC NAME
Geographic name Korea (North)
General subdivision Foreign relations
9 (RLIN) 129366
830 #0 - SERIES ADDED ENTRY--UNIFORM TITLE
Uniform title Praeger special studies in international politics and public affairs
942 ## - ADDED ENTRY ELEMENTS (KOHA)
Source of classification or shelving scheme Dewey Decimal Classification
Koha item type Books
Holdings
Lost status Source of classification or shelving scheme Damaged status Not for loan Collection code Permanent Location Current Location Shelving location Date acquired Source of acquisition Cost, normal purchase price Total Checkouts Full call number Date last seen Copy number Koha item type
  Dewey Decimal Classification     Non-fiction Central Library, University of Rajshahi Central Library, University of Rajshahi   27/06/1990 Zeithinger 104.00   327.5193 KOF 1969 09/06/2016 C-2 Books